书目信息 |
| 题名: |
《自然辩证法》解说
|
|
| 作者: | ;中国人民大学等《<自然辩证法>解说》编写组 编 | |
| 分册: | ||
| 出版信息: | 北京 中国人民大学出版社 1982 |
|
| 页数: | 370页 | |
| 开本: | 19cm | |
| 丛书名: | 马克思主义经典著作学习丛书 | |
| 单 册: | ||
| 中图分类: | A811.24 | |
| 科图分类: | ||
| 主题词: | 自然辩证法 , 恩格斯著作研究-自然辩证法 , 马恩著作研究 , 马恩著作--学习 | |
| 电子资源: | ||
| ISBN: | ||
| 000 | 01061nam2 2200301 45 | |
| 001 | 0182006234 | |
| 005 | 20060922111737.37 | |
| 010 | @dCNY1.20 | |
| 091 | @a2011.105 | |
| 100 | @a19950426d1982 emky0chiy0121 ea | |
| 101 | 0 | @achi |
| 102 | @aCN@b110000 | |
| 105 | @ay z 000yy | |
| 200 | 12 |
@a《自然辩证法》解说@A《 zi ran bian zheng fa》 jie shuo@f中国人民大学等《<自然辩证法>解说》编写组编@Fzhong guo ren min da xue deng《 |
| 210 | @a北京@c中国人民大学出版社@d1982 | |
| 215 | @a370页@d19cm | |
| 225 | 2 | @a马克思主义经典著作学习丛书 |
| 410 | 0 | @120010@a马克思主义经典著作学习丛书 |
| 605 | @a自然辩证法-恩格斯著作研究 | |
| 606 | @a自然辩证法 | |
| 606 | @a恩格斯著作研究-自然辩证法 | |
| 606 | 0 | @a马恩著作研究 |
| 606 | 0 | @a马恩著作@x学习 |
| 690 | @aA811.24@v3 | |
| 711 | 0 |
@a中国人民大学等《<自然辩证法>解说》编写组@Azhong guo ren min da xue deng《 |
| 801 | 0 | @aCN@b上海图书馆@c20060922 |
| 801 | 2 | @aCN@bNLC@c20060911 |
| 905 | @dA811.24@e189 | |
| 《自然辩证法》解说/中国人民大学等《<自然辩证法>解说》编写组编.-北京:中国人民大学出版社,1982 |
| 370页;19cm.-(马克思主义经典著作学习丛书) |
| ISBN :CNY1.20 |
| ● |
| 相关链接 |
|
|
|
|
正题名:《自然辩证法》解说
索取号:A811.24/189
 
预约/预借
| 序号 | 登录号 | 条形码 | 馆藏地/架位号 | 状态 | 备注 |
| 1 | 0096587 | 001946522 | 第一借阅区/ [索取号:A811.24/189] | 在馆 | |
| 2 | 0096589 | 202239309 | 密集书库/ [索取号:A811.24/189] | 在馆 | |
| 3 | 0096590 | 000563278 | 第一借阅区/ [索取号:A811.24/189] | 在馆 | |
| 4 | 0096591 | 202088132 | 第一样本阅览室/ [索取号:A811.24/189] | 在馆 | |
| 5 | 0422202 | 204222028 | 密集书库/ [索取号:A811.24/189] | 在馆 | |
| 6 | 0422203 | 204222037 | 密集书库/ [索取号:A811.24/189] | 在馆 | |
| 7 | 0426717 | 204267177 | 密集书库/ [索取号:A811.24/189] | 在馆 | |
| 8 | 0470528 | 204705284 | 密集书库/ [索取号:A811.24/189] | 在馆 | |
| 9 | 0470541 | 204705417 | 密集书库/ [索取号:A811.24/189] | 在馆 | |
| 10 | 0470542 | 204705426 | 密集书库/ [索取号:A811.24/189] | 在馆 |